| 000 | 00859nam a2200265 i 4500 | ||
|---|---|---|---|
| 001 | bg | ||
| 100 | 1 |
_aGAJEK, Lesław _d(1956- ) |
|
| 245 | 1 | 0 |
_aWnioskowanie statystyczne : _bmodele i metody / _cLesław Gajek, Marek Kałuszka. |
| 250 | _aWyd. 3 rozsz. | ||
| 260 |
_aWarszawa : _bWydawnictwa Naukowo-Techniczne, _c1996. |
||
| 300 |
_a238, [2] s. : _bwykr. ; _c24 cm. |
||
| 504 | _aBibliogr. przy rozdz. - Indeksy. | ||
| 521 | _aDla studentów i absolwentów uczelni technicznych i ekonomicznych. | ||
| 650 | 9 | _aRachunek prawdopodobieństwa | |
| 650 | 9 |
_aStatystyka matematyczna _xmetody |
|
| 655 | _aPodręczniki akademickie | ||
| 700 | 1 |
_aKAŁUSZKA, Marek _d(1959- ) |
|
| 020 | _a8320419980 | ||
| 040 | _cBPK | ||
| 041 | _apol | ||
| 080 | _a519.2(075.8) | ||
| 920 | _a83-204-1998-0 | ||
| 942 | _cKS | ||
| 008 | s pl f |000 0 pol | ||
| 999 |
_c24840 _d24840 |
||
| 856 |
_uhttp://koha.tu.koszalin.pl/cgi-bin/koha/opac-detail.pl?biblionumber=24840 _yKatalog online BPK |
||